00963nam a22002417a 45000010005000000030006000050050017000110080041000280200018000690400029000870500008001160820008001241000020001322450112001522600034002643000049002984900025003475050008003725200259003805210029006395210020006687000033006887142FISKH20250626090059.0250625b cb ||||| |||| 00| 0 eng d a9788956354996 aFISKHbengcFISKHdFISKH aPZ7 a590 aSormark, Julie  aThe wolf and the seven little goats / cRetold by Julie Sormark : through the art style of Camille Pissaro  aSeoul : be-future , c2010.  a35 pages : bcolor illustrations ;c23 cm .  aArt classic stories  aJ  aThe Wolf and the Seven Little Goats tells the story of seven playful young goats whom a cunning wolf tricks while their mother is away. After being deceived initially, they use their cleverness and teamwork to outsmart the Wolf when he tries to eat them.8 a500 bLexile estimate 8 aJ bRaz-Plus  aChae, HuijeongeIllustrator